बर्फ का दानव / (Record no. 117162)
[ view plain ]
| 000 -LEADER | |
|---|---|
| fixed length control field | 01169nam a22002897a 4500 |
| 003 - CONTROL NUMBER IDENTIFIER | |
| control field | dpl |
| 005 - DATE AND TIME OF LATEST TRANSACTION | |
| control field | 20180912132907.0 |
| 008 - FIXED-LENGTH DATA ELEMENTS--GENERAL INFORMATION | |
| fixed length control field | 180912b xxu||||| |||| 00| 0 eng d |
| 010 ## - LIBRARY OF CONGRESS CONTROL NUMBER | |
| LC control number | B-071643 |
| 020 ## - INTERNATIONAL STANDARD BOOK NUMBER | |
| Terms of availability | 100.00 |
| International Standard Book Number | 8170435412 |
| 035 ## - SYSTEM CONTROL NUMBER | |
| System control number | B-071643, B-071647 |
| 037 ## - SOURCE OF ACQUISITION | |
| Source of stock number/acquisition | Cen Lib/Ret |
| 040 ## - CATALOGING SOURCE | |
| Original cataloging agency | DPL |
| Language of cataloging | HN |
| Transcribing agency | 0 |
| 082 ## - DEWEY DECIMAL CLASSIFICATION NUMBER | |
| Classification number | क |
| Item number | भुल्लर |
| 100 ## - MAIN ENTRY--PERSONAL NAME | |
| Personal name | भुल्लर, जसबीर |
| 9 (RLIN) | 70471 |
| 245 ## - TITLE STATEMENT | |
| Title | बर्फ का दानव / |
| Statement of responsibility, etc | जसबीर भुल्लर; अनुवादक अमरीक सिंह दीप |
| 246 ## - VARYING FORM OF TITLE | |
| Title proper/short title | Barraf ka danav / |
| Remainder of title | by Jasbir Bhullar; anuvadak Amrik Singh Deep |
| 260 ## - PUBLICATION, DISTRIBUTION, ETC. (IMPRINT) | |
| Place of publication, distribution, etc | दिल्ली |
| Name of publisher, distributor, etc | आत्माराम एंड संस |
| Date of publication, distribution, etc | 2002 |
| 270 ## - ADDRESS | |
| Address | कश्मीरी गेट |
| City | दिल्ली |
| Postal code | 110006 |
| 300 ## - PHYSICAL DESCRIPTION | |
| Extent | 95पृ. |
| Dimensions | 21सेमी (सजिल्द) |
| 650 ## - SUBJECT ADDED ENTRY--TOPICAL TERM | |
| Topical term or geographic name as entry element | पंजाबी साहित्य |
| 9 (RLIN) | 70472 |
| 650 ## - SUBJECT ADDED ENTRY--TOPICAL TERM | |
| Topical term or geographic name as entry element | कहानियां |
| 9 (RLIN) | 70473 |
| 650 ## - SUBJECT ADDED ENTRY--TOPICAL TERM | |
| Topical term or geographic name as entry element | Punjabi literature |
| 9 (RLIN) | 781 |
| 650 ## - SUBJECT ADDED ENTRY--TOPICAL TERM | |
| Topical term or geographic name as entry element | Stories |
| 9 (RLIN) | 7500 |
| 700 ## - ADDED ENTRY--PERSONAL NAME | |
| Personal name | दीप, अमरीक सिंह |
| 9 (RLIN) | 5807 |
| 942 ## - ADDED ENTRY ELEMENTS (KOHA) | |
| Source of classification or shelving scheme | Dewey Decimal Classification |
| Koha item type | Hindi Books |
| Classification part | क |
| Call number suffix | भुल्लर |
| Withdrawn status | Lost status | Damaged status | Not for loan | Home library | Current library | Date acquired | Source of acquisition | Cost, normal purchase price | Total Checkouts | Full call number | Barcode | Date last seen | Copy number | Cost, replacement price | Price effective from | Koha item type | Source of classification or shelving scheme | Collection code | Shelving location |
|---|---|---|---|---|---|---|---|---|---|---|---|---|---|---|---|---|---|---|---|
| Central Library | Central Library | 26/08/2015 | Cen Lib/Ret | 100.00 | क भुल्लर | B-071643 | 26/08/2015 | 1 | 100.00 | 26/08/2015 | Hindi Books | ||||||||
| Patel Nagar | Patel Nagar | 07/12/2018 | BPPD/PUB | 100.00 | क भुल्लर | B-071644 | 07/12/2018 | 100.00 | 07/12/2018 | Hindi Books | Dewey Decimal Classification | Fiction | General Stacks | ||||||
| Sarojini Nagar | Sarojini Nagar | 14/10/2021 | 100.00 | क भुल्लर | B-71645 | 14/10/2021 | 100.00 | 14/10/2021 | Hindi Books | Dewey Decimal Classification | Fiction | ||||||||
| Shahdara Branch | Shahdara Branch | 12/09/2018 | BPPD/PUB | 100.00 | क भुल्लर | B-071647 | 12/09/2018 | 100.00 | 12/09/2018 | Hindi Books | Dewey Decimal Classification | Fiction |
